Hollow Knight Areas - Statistics

General Stats
  • This quiz has been taken 142 times
  • The average score is 12 of 15
Answer Stats
Hint Answer % Correct
Many shops Dirtmouth
91%
The nailsmith is found here City Of Tears
89%
The biggest area Deepnest
89%
Dash at the end of it Greenpath
86%
Bees The Hive
85%
Some areas here require the lantern Crystal Peak
84%
The black egg temple is here Forgotten Crossroads
84%
The second hornet fight is here Kingdom‘s Edge
84%
Monomon is here Fog Canyon
80%
Dream nail Resting Grounds
75%
A lot of poison Fungal Wastes
74%
The deepest area Ancient Basin
68%
Broken stag station Howling Cliffs
64%
Very long ways Royal Waterways
63%
Near queens station Queen‘s Gardens
60%
No matching quizzes found
Score Distribution
Percent of People with Each Score
Percentile by Number Answered
Your Score History
You have not taken this quiz